Представление документа в формате MARC21

Поле Инд. ПП Название Значение
Тип записи a
Библиографический уровень m
001 Контрольный номер 44b34ef70c7f4444870c03e7a3f35fac
005 Дата корректировки 20230517114621.3
020 a ISBN 978-5-9916-3701-5
040 a Служба первич. каталог. НБ ТвГУ
b Код языка каталог. rus
e Правила каталог. PSBO
041 0_ a Код языка текста rus
080 a Индекс УДК 517(075.8)
084 a Индекс другой классификации/Индекс ББК В161я73-1
090 a Полочн. индекс В161
x Авторский знак К 88
097 b Оператор Khokhlova.SV
100 1_ a Автор Кудрявцев Лев Дмитриевич
e Роль лиц Автор
245 10 a Заглавие Курс математического анализа
n Номер части/ раздела Т. 1
b Продолж. заглавия учебник для бакалавров : для студентов вузов, обучающихся по естественно-научным и техническим направлениям и специальностям
c Ответственность Л. Д. Кудрявцев ; Московский физико-технический институт (Государственный университет)
250 a Основные сведения об издании 6-е изд., перераб. и доп.
260 c Дата издания 2015
a Место издания Москва
b Издательство Юрайт
300 a Объем 702, [1] с.
b Иллюстрации/ тип воспроизводства ил.
440 _0 a Серия Бакалавр
440 _0 a Серия Базовый курс
520 0_ a Аннотация В результате изучения основной части курса и решения соответствующих ему задач студент получит знания в области математического анализа и овладеет методами (как алгоритмическими, так и творческими) использования теоретических знаний для решения конкретных задач, соответствующих компетенции бакалавра по естественнонаучным и техническим специальностям. Соответствует Федеральному государственному образовательному стандарту высшего профессионального образования третьего поколения. Для студентов высших учебных заведений, обучающихся по математическим, естественнонаучным и техническим направлениям и специальностям.
653 0_ a Ключевые слова Математика
a Ключевые слова Математический анализ
a Ключевые слова Учебники для вузов
700 12 a Другие авторы Ильин В. А.
e Роль лиц Рецензент
700 12 a Другие авторы Ефимов Н. В.
e Роль лиц Рецензент
901 t Тип документа m
910 a Гриф есть*
920 a Оператор Хохл
a Оператор Лиси
a Оператор Стро
930 a Новая/Ретро новая
952 c Вид литературы К ру
954 b Дата поступления в ОК 20230417
a Дата поступления на обработку 20230516
c Дата окончания ОНО 20230517